Sister Republics of Revolutionary France - Statistics

General Stats
  • This quiz has been taken 40 times
  • The average score is 9 of 29
Answer Stats
Flag Period Republic Fate % Correct
1802-1805 Italian Republic Transformed into a Kingdom.
86%
1798-1799 Roman Republic Ended with the restoration of the Papal States.
81%
1798-1803 Helvetic Republic Replaced by the Swiss Confederation.
76%
1798 (1 month) Irish Republic Only controlled a small part of the island, reconquered by British forces.
67%
1797-1802 Cisalpine Republic Transformed into the above.
57%
1797-1805 Ligurian Republic Annexed by the French Empire.
52%
1798-1799 Piedmontese Republic Reconquered by Napoleon after a brief Austro-Russian occupation in 1800 and transformed into the above.
52%
1795-1806 Batavian Republic Transformed into the Kingdom of Holland.
48%
1797-1798 Provisional Municipality of Venice Annexed by the Austrian Empire.
43%
1797-1798 Anconine Republic Joined the above.
29%
1793 Republic of Mainz Conquered by Austro-Prussian forces.
29%
1799; 1800-1801 Republic of Lucca Joined with Piombino and became a Principality.
24%
1800-1802 Subalpine Republic Annexed by the French Republic.
24%
1796 Bolognese Republic Annexed by another Sister Republic.
19%
1796-1797 Cispadane Republic Joined with other Republics and formed the above.
19%
1797 Republic of Crema
19%
1789-1791 Republic of Liège Prince-Bishopric restored.
19%
1799 Parthenopean Republic Reconquered by the Kingdom of Naples and Sicily.
14%
1796 (2 days) Republic of Alba Reconquered by the Kingdom of Sardinia.
14%
1799 Republic of Pescara Reunited with the Kingdom of Naples.
14%
1796-1797 Transpadane Republic
14%
1802-1810 Valais Republic Annexed by the French Empire.
14%
- Cisrhenian Republic Never implemented, was annexed by France in 1797 instead.
10%
1792-1793 Rauracian Republic Annexed by the French Republic.
10%
1797 Republic of Bergamo
10%
1794-1795 Republic of Bouillon Annexed by the French Republic.
10%
1797 Republic of Brescia
10%
1798 Republic of Léman Joined the above.
10%
1798 (1 month) Tiberina Republic
10%
No matching quizzes found
Score Distribution
Percent of People with Each Score
Percentile by Number Answered
Your Score History
You have not taken this quiz